[Event "HZ Open"]
[Site "Vlissingen NED"]
[Date "2006.08.10"]
[Round "7"]
[White "Westerweele,H"]
[Black "In't Veld,D"]
[Result "1-0"]
[WhiteElo "2035"]
[BlackElo "2176"]
[EventDate "2006.08.05"]

1. e4 c5 2. c3 Qa5 3. Nf3 d6 4. Bc4 Nf6 5. e5 dxe5 6. Nxe5 e6 7. O-O Bd6 8.
Re1 O-O 9. d4 Rd8 10. Bg5 cxd4 11. Bxf6 gxf6 12. Qg4+ Kf8 13. Nxf7 Kxf7 14.
Rxe6 Bxh2+ 15. Kh1 Rd5 16. Rxf6+ Kxf6 17. Qxc8 Rd7 18. Qf8+ Kg5 19. Nd2 Qd8
20. Nf3+ Kg6 21. Bd3+ Kh5 22. g4+ Kxg4 23. Qf5+ 1-0

[Event "HZ Open"]
[Site "Vlissingen NED"]
[Date "2006.08.10"]
[Round "7"]
[White "Beeke,B"]
[Black "Galle,A"]
[Result "1-0"]
[WhiteElo "2166"]
[BlackElo "2001"]
[EventDate "2006.08.05"]

1. e4 e6 2. d4 d5 3. Nc3 Bb4 4. e5 c5 5. Bd2 Ne7 6. f4 Nd7 7. Nf3 Nc6 8.
Bd3 a6 9. a3 Bxc3 10. Bxc3 c4 11. Be2 b5 12. O-O Bb7 13. Be1 Qc7 14. Bh4
Nb6 15. g4 Ne7 16. f5 h6 17. f6 g5 18. fxe7 gxh4 19. Nxh4 Qxe7 20. Ng2
O-O-O 21. Nf4 Qg5 22. Qe1 Nd7 23. h4 Qg7 24. c3 Nxe5 25. Nh5 Qg6 26. dxe5
d4 27. Rf6 Qc2 28. Rxf7 Rhg8 29. Nf6 d3 30. Qf2 1-0

[Event "HZ Open"]
[Site "Vlissingen NED"]
[Date "2006.08.10"]
[Round "7"]
[White "Van Hecke,E"]
[Black "Sparreboom,W"]
[Result "1-0"]
[WhiteElo "2156"]
[BlackElo "1997"]
[EventDate "2006.08.05"]

1. d4 d5 2. c4 dxc4 3. Nf3 Nf6 4. e3 e6 5. Bxc4 c5 6. O-O a6 7. a4 b6 8.
Qe2 Bb7 9. Rd1 Qc7 10. Nc3 Nbd7 11. b3 Bd6 12. Bb2 O-O 13. d5 Ne5 14. Nxe5
Bxe5 15. dxe6 Bxh2+ 16. Kh1 fxe6 17. Bxe6+ Kh8 18. Nd5 Qc6 19. Kxh2 Qxe6
20. Nxf6 gxf6 21. Qc4 Qf5 22. Qf4 Qxf4+ 23. exf4 Rf7 24. Rd6 Kg7 25. Rxb6
Re8 26. Bxf6+ Rxf6 27. Rxb7+ Kg6 28. Rd1 Re4 29. g3 c4 30. bxc4 Rxc4 31.
Rd5 h6 32. a5 h5 33. Rg5+ Kh6 34. Rb8 1-0

[Event "HZ Open"]
[Site "Vlissingen NED"]
[Date "2006.08.10"]
[Round "7"]
[White "Roggeveen,W"]
[Black "Stange,S"]
[Result "1/2-1/2"]
[WhiteElo "1966"]
[BlackElo "2153"]
[EventDate "2006.08.05"]

1. e4 e5 2. f4 d6 3. Nf3 Nc6 4. Bc4 Be7 5. O-O Nf6 6. d3 O-O 7. Nc3 exf4 8.
Bxf4 Na5 9. Bb3 Nxb3 10. axb3 d5 11. Nb5 c6 12. Nc7 Nh5 13. Nxa8 Nxf4 14.
Qd2 dxe4 15. dxe4 Qxd2 16. Nxd2 Bd6 17. Nc4 Bb8 18. Na5 Ne6 19. Rfd1 b6 20.
Nxc6 Bb7 21. Nxb8 Rxb8 22. Rxa7 Bxa8 23. e5 Bd5 1/2-1/2

[Event "HZ Open"]
[Site "Vlissingen NED"]
[Date "2006.08.10"]
[Round "7"]
[White "Eng,A"]
[Black "Pex,C"]
[Result "1/2-1/2"]
[WhiteElo "1947"]
[BlackElo "2132"]
[EventDate "2006.08.05"]

1. e4 c5 2. d4 cxd4 3. c3 Nf6 4. e5 Nd5 5. Qxd4 e6 6. Nf3 Qc7 7. Bc4 Nc6 8.
Qe4 Nb6 9. Bb3 d6 10. exd6 Bxd6 11. Be3 Nd7 12. Nbd2 Nf6 13. Qh4 Ne7 14.
Ne4 Nxe4 15. Qxe4 Bd7 16. O-O-O Bc6 17. Ba4 O-O-O 18. Bxc6 Nxc6 19. Kb1 a6
20. Rd2 Ne7 21. Ng5 Nf5 22. Rhd1 Nxe3 23. Qxe3 Qe7 24. Nxf7 Qxf7 25. Rxd6
Rxd6 26. Rxd6 Qg6+ 27. Kc1 Qxg2 28. h3 Qf1+ 29. Kc2 Kb8 30. Rxe6 Rd8 31.
Kb3 Qb5+ 32. Ka3 Qa5+ 33. Kb3 Qb5+ 34. Ka3 Qa5+ 1/2-1/2

[Event "HZ Open"]
[Site "Vlissingen NED"]
[Date "2006.08.10"]
[Round "7"]
[White "Bodicker,R"]
[Black "Severijnen,A"]
[Result "1/2-1/2"]
[WhiteElo "2111"]
[BlackElo "2100"]
[EventDate "2006.08.05"]

1. d4 Nf6 2. c4 g6 3. Nc3 Bg7 4. e4 d6 5. Bd3 O-O 6. Nge2 e5 7. d5 Na6 8.
Ng3 Nd7 9. Bd2 Ndc5 10. Bb1 f5 11. exf5 gxf5 12. a3 Qh4 13. O-O Qxc4 14.
Ba2 Qh4 15. Nh5 f4 16. Nxg7 Kxg7 17. f3 Rf6 18. Be1 Qh5 19. b4 Nd7 20. g4
fxg3 21. Bxg3 Nf8 22. Ne4 Rf7 23. Qd2 Ng6 24. Bc4 Nb8 25. Kh1 Bh3 26. Rf2
Rxf3 27. Qd1 Rf5 28. Be2 Qh6 29. Qc1 Nd7 30. Qxc7 Rxf2 31. Nxf2 Rf8 32. Ng4
Qd2 33. Qxd7+ Rf7 34. Qxd6 Qxe2 35. Bxe5+ Nxe5 36. Qxe5+ Qxe5 37. Nxe5 Rf5
38. Rg1+ Kf6 39. Ng4+ 1/2-1/2

[Event "HZ Open"]
[Site "Vlissingen NED"]
[Date "2006.08.11"]
[Round "8"]
[White "Nijboer,F"]
[Black "Barua,D"]
[Result "1/2-1/2"]
[WhiteElo "2598"]
[BlackElo "2453"]
[EventDate "2006.08.05"]

1. e4 e6 2. d4 d5 3. Nc3 Nf6 4. e5 Nfd7 5. f4 c5 6. Nf3 Nc6 7. Be3 a6 8.
Qd2 b5 9. Be2 Qb6 10. Nd1 b4 11. c3 a5 12. O-O Be7 13. f5 exf5 14. Bf2 cxd4
15. cxd4 Ndb8 16. Ne3 Be6 17. Rad1 O-O 18. Bd3 g6 19. Nc2 Rc8 20. Qf4 Nd7
21. Ne3 Qd8 22. h4 Nf8 23. Qg3 Kh8 24. Qh2 h5 25. Rfe1 Nh7 26. Nf1 b3 27.
axb3 Rab8 28. N1d2 Nb4 29. Bb1 Rb6 30. Kh1 Rbc6 31. Ng1 Nc2 32. Rf1 Bf8 33.
Ne2 Bh6 34. Nf4 Qb6 35. Nc4 dxc4 36. d5 Ne3 37. Bxe3 Qxe3 38. dxc6 cxb3 39.
Nxe6 fxe6 40. Rfe1 Qb6 41. Qg3 Nf8 42. Rd6 Rxc6 43. Rxc6 Qxc6 44. Qxb3 Qc5
45. Qg3 Qb4 46. Qf2 a4 47. g3 a3 48. bxa3 Qxa3 49. Ba2 Qc3 50. Kg2 Bg7 51.
Qe3 Qc6+ 52. Kh2 Nd7 53. Rc1 Qa6 54. Bc4 Qc6 55. Be2 Qd5 56. Rd1 Qb7 57.
Rd6 Nxe5 58. Rxe6 Qb2 59. Kg2 Qb7+ 60. Bf3 Nxf3 61. Qxf3 Qb2+ 62. Re2 Qa1
63. Qb3 Kh7 64. Qa2 1/2-1/2

[Event "HZ Open"]
[Site "Vlissingen NED"]
[Date "2006.08.11"]
[Round "8"]
[White "Klenburg,M"]
[Black "Ikonnikov,Vy"]
[Result "0-1"]
[WhiteElo "2403"]
[BlackElo "2587"]
[EventDate "2006.08.05"]

1. e4 c5 2. d3 Nc6 3. g3 g6 4. Bg2 Bg7 5. f4 d6 6. Nf3 Nf6 7. O-O O-O 8.
Nc3 Rb8 9. h3 b5 10. g4 b4 11. Ne2 a5 12. Be3 a4 13. Rb1 Ba6 14. b3 axb3
15. axb3 Bb7 16. Qe1 Nd7 17. f5 Nde5 18. Nxe5 Nxe5 19. Qh4 Ra8 20. Rf2 Ra2
21. Nc1 Ra5 22. Ne2 Qd7 23. Rbf1 Rfa8 24. Bh6 Ra1 25. Bxg7 Rxf1+ 26. Bxf1
Kxg7 27. Ng3 Qd8 28. fxg6 fxg6 29. g5 Qg8 30. Qf4 Qe6 31. Ne2 Nc6 32. Qh4
Qe5 33. Qh6+ Kg8 34. h4 Qg7 35. Qxg7+ Kxg7 36. Bh3 Bc8 37. Bxc8 Rxc8 38.
Nf4 Nd4 39. Nd5 Rf8 40. Rxf8 Kxf8 41. Ne3 Kf7 42. Kf2 Ke6 43. Kg3 Nb5 44.
h5 Ke5 45. hxg6 hxg6 46. Nd5 Ke6 47. Nf4+ Kf7 48. Ng2 Nd4 49. Ne1 Ke6 50.
Kf4 d5 51. Ke3 Ke5 52. exd5 Kxd5 53. Kd2 Ke6 0-1

[Event "HZ Open"]
[Site "Vlissingen NED"]
[Date "2006.08.11"]
[Round "8"]
[White "Gurevich,M"]
[Black "Henrichs,T"]
[Result "1-0"]
[WhiteElo "2643"]
[BlackElo "2491"]
[EventDate "2006.08.05"]

1. d4 Nf6 2. c4 g6 3. Nc3 d5 4. Nf3 Bg7 5. Qb3 dxc4 6. Qxc4 O-O 7. e4 a6 8.
Be2 b5 9. Qb3 c5 10. dxc5 Bb7 11. O-O Nxe4 12. Nxe4 Bxe4 13. Bf4 Bd5 14.
Qe3 Bxb2 15. Rad1 e6 16. Bd6 Nc6 17. Rd2 Bf6 18. Bxf8 Qxf8 19. Rc1 Be7 20.
Ng5 Na5 21. Ne4 Rc8 22. Rdc2 Nc4 23. Bxc4 Bxc4 24. Rd1 Bd5 25. Rcd2 b4 26.
h4 a5 27. h5 a4 28. Qd4 b3 29. axb3 axb3 30. Qe5 Qg7 31. Rxd5 exd5 32. Qxe7
dxe4 33. c6 b2 34. c7 Qf8 35. Qe5 Qe8 36. Qf6 gxh5 37. Qb6 1-0

[Event "HZ Open"]
[Site "Vlissingen NED"]
[Date "2006.08.11"]
[Round "8"]
[White "Li Shilong"]
[Black "Leenhouts,K"]
[Result "1/2-1/2"]
[WhiteElo "2540"]
[BlackElo "2395"]
[EventDate "2006.08.05"]

1. d4 Nf6 2. Nf3 e6 3. c4 c5 4. Nc3 cxd4 5. Nxd4 Nc6 6. g3 Bb4 7. Bg2 O-O
8. O-O Qe7 9. Nc2 Bxc3 10. bxc3 d6 11. Ba3 Rd8 12. Nd4 Ne5 13. Qb3 Nfd7 14.
Rfd1 Nc5 15. Bxc5 dxc5 16. Nf3 Nc6 17. Rxd8+ Nxd8 18. Ne5 f6 19. Nd3 Bd7
20. Qa3 Bc6 21. Bxc6 Nxc6 22. Qxc5 Qxc5 23. Nxc5 b6 24. Nxe6 Re8 25. Nf4 g5
26. Nd5 Rxe2 27. Nxf6+ Kg7 28. Nd5 Ne5 29. a4 Nxc4 30. Kg2 Rd2 31. Nc7 Ne3+
32. Kf3 Nd1 33. a5 Rxf2+ 34. Ke4 Nxc3+ 35. Kd4 Ne2+ 36. Ke3 Rxh2 37. a6 Nc3
38. Kd3 Rh6 39. Ra3 Nb1 40. Rb3 Rd6+ 41. Ke3 Nd2 42. Rc3 Rd7 43. Ne6+ Kf6
44. Nd4 Nf1+ 45. Ke4 Nd2+ 46. Ke3 Ke5 47. Nc6+ Kf5 48. g4+ Kf6 49. Nb8 Rd6
50. Rc7 Rd8 51. Nd7+ Ke6 52. Rxa7 Nc4+ 53. Ke2 b5 54. Nc5+ Kd5 55. Nb3 Re8+
56. Kf2 Rf8+ 57. Ke2 Re8+ 58. Kf2 Ne5 59. Rb7 Nxg4+ 60. Kg3 Nf6 61. a7 Ra8
62. Rxb5+ Kc4 63. Rb7 h5 64. Na5+ Kc5 65. Nb3+ Kc4 66. Na5+ Kc5 67. Nb3+
Kc4 1/2-1/2

[Event "HZ Open"]
[Site "Vlissingen NED"]
[Date "2006.08.11"]
[Round "8"]
[White "Van der Wiel,J"]
[Black "Bezemer,A"]
[Result "1-0"]
[WhiteElo "2508"]
[BlackElo "2346"]
[EventDate "2006.08.05"]

1. e4 c5 2. Nc3 d6 3. Nge2 Nf6 4. g3 Nc6 5. Bg2 g6 6. d3 Bg7 7. Be3 O-O 8.
h3 Rb8 9. f4 Bd7 10. Qd2 b5 11. O-O b4 12. Nd1 a5 13. f5 Qc7 14. Rc1 Bc8
15. Bh6 Nd4 16. Bxg7 Nxe2+ 17. Qxe2 Kxg7 18. Ne3 Bb7 19. g4 a4 20. Qd2 Ba8
21. g5 Nd7 22. Ng4 e6 23. Rce1 Rbe8 24. Nf6 Rc8 25. Qf4 Qd8 26. Nxh7 1-0

[Event "HZ Open"]
[Site "Vlissingen NED"]
[Date "2006.08.11"]
[Round "8"]
[White "Landa,K"]
[Black "Grooten,H"]
[Result "1-0"]
[WhiteElo "2584"]
[BlackElo "2362"]
[EventDate "2006.08.05"]

1. d4 Nf6 2. c4 e6 3. Nc3 Bb4 4. g3 c5 5. Nf3 cxd4 6. Nxd4 Ne4 7. Qd3 Bxc3+
8. bxc3 Nc5 9. Qf3 d6 10. Bg2 Bd7 11. O-O O-O 12. Ba3 Bc6 13. Nxc6 Nxc6 14.
Qe3 Na5 15. Bxc5 dxc5 16. Qxc5 b6 17. Qb5 a6 18. Qb4 Rc8 19. Rfd1 Qc7 20.
Rd6 Rb8 21. Rb1 Qxc4 22. Qxc4 Nxc4 23. Rc6 Rfc8 24. Rxc8+ Rxc8 25. Bb7 Rb8
26. Bxa6 Nd6 27. f3 Kf8 28. c4 Ne8 29. c5 Nc7 30. Bd3 b5 31. a4 b4 32. Bb5
Nd5 33. c6 Rc8 34. Kf2 Ne7 35. Rxb4 Nxc6 36. Rc4 Na7 37. Rxc8+ Nxc8 38. Ke3
Ke7 39. Kd4 Kd6 40. a5 g5 41. g4 f6 42. Bd3 Ne7 43. Kc4 h6 44. Kb5 Kc7 45.
Kc5 f5 46. Bc4 fxg4 47. fxg4 Nc6 48. Bxe6 Nxa5 49. Bd5 Kd7 50. e3 Ke7 51.
e4 Kd7 52. Kb5 1-0

[Event "HZ Open"]
[Site "Vlissingen NED"]
[Date "2006.08.11"]
[Round "8"]
[White "Roktim,B"]
[Black "Stellwagen,D"]
[Result "0-1"]
[WhiteElo "2365"]
[BlackElo "2575"]
[EventDate "2006.08.05"]

1. Nf3 Nf6 2. c4 g6 3. Nc3 Bg7 4. g3 O-O 5. Bg2 d6 6. O-O e5 7. d3 Nc6 8.
Bg5 h6 9. Bxf6 Bxf6 10. Rb1 Bg7 11. b4 f5 12. Nd5 Ne7 13. Nd2 g5 14. Qc2 c6
15. Nxe7+ Qxe7 16. b5 c5 17. Rb3 h5 18. Nb1 g4 19. Nc3 Be6 20. Nd5 Bxd5 21.
Bxd5+ Kh8 22. Rbb1 Rf6 23. e3 Raf8 24. f3 Rh6 25. Qe2 Qg5 26. f4 Qe7 27. e4
h4 28. exf5 hxg3 29. hxg3 e4 30. Qxe4 Bd4+ 31. Kg2 Rh2+ 0-1

[Event "HZ Open"]
[Site "Vlissingen NED"]
[Date "2006.08.11"]
[Round "8"]
[White "Ziska,H"]
[Black "Delemarre,J"]
[Result "1-0"]
[WhiteElo "2333"]
[BlackElo "2471"]
[EventDate "2006.08.05"]

1. e4 e6 2. d3 d5 3. Nd2 Nf6 4. Ngf3 b6 5. c3 Be7 6. e5 Nfd7 7. d4 c5 8.
Bb5 a6 9. Bd3 b5 10. Nf1 Nc6 11. Ng3 b4 12. Nh5 g6 13. Nf4 Qb6 14. Be3 bxc3
15. bxc3 cxd4 16. cxd4 Qa5+ 17. Kf1 Nb6 18. h4 Bd7 19. a3 Qa4 20. Bc2 Qb5+
21. Nd3 Nc4 22. Bc1 Qb6 23. Rb1 Qa7 24. Nb4 Nxb4 25. axb4 h5 26. Rh3 Rb8
27. Ng5 Rxb4 28. Rxb4 Bxb4 29. Rf3 Bb5 30. Kg1 O-O 31. Rg3 Kh8 32. Qf3 Qe7
33. Nh7 Rc8 34. Bg5 Nd2 35. Bf6+ 1-0

[Event "HZ Open"]
[Site "Vlissingen NED"]
[Date "2006.08.11"]
[Round "8"]
[White "Van Leent,D"]
[Black "Spoelman,W"]
[Result "1-0"]
[WhiteElo "2262"]
[BlackElo "2461"]
[EventDate "2006.08.05"]

1. e4 d5 2. exd5 Qxd5 3. Nf3 Nf6 4. d4 Bg4 5. Be2 Nc6 6. c4 Qd6 7. d5 Bxf3
8. Bxf3 Ne5 9. Qa4+ c6 10. Be2 e6 11. dxc6 Nxc6 12. O-O Qe5 13. Bf3 Rc8 14.
g3 Bc5 15. Nc3 h5 16. Bf4 Qf5 17. b4 g5 18. bxc5 gxf4 19. Nb5 Ke7 20. Nd6
Qxc5 21. Nxb7 Qb6 22. Rab1 Qc7 23. Qa3+ Ke8 24. Nd6+ 1-0

[Event "HZ Open"]
[Site "Vlissingen NED"]
[Date "2006.08.11"]
[Round "8"]
[White "Garbisu de Goni,U"]
[Black "Swinkels,R"]
[Result "1-0"]
[WhiteElo "2444"]
[BlackElo "2286"]
[EventDate "2006.08.05"]

1. e4 e5 2. Nf3 Nc6 3. Bb5 a6 4. Ba4 Nf6 5. O-O b5 6. Bb3 Bc5 7. d3 d6 8.
a4 Bg4 9. c3 Rb8 10. h3 Bd7 11. Nbd2 Bb6 12. Re1 Ne7 13. Nh4 Ng6 14. Nxg6
hxg6 15. Nf3 Nh7 16. d4 Qe7 17. axb5 axb5 18. dxe5 dxe5 19. Qd5 f6 20. Be3
Bxe3 21. Ra8 Rxa8 22. Qxa8+ Qd8 23. Qd5 Rf8 24. fxe3 c6 25. Qd6 Qe7 26.
Qb8+ Qd8 27. Qa7 Rh8 28. Rd1 Nf8 29. Ne1 Qc8 30. Nd3 Be6 31. Bxe6 Nxe6 32.
Nb4 Rf8 33. Rd6 Rf7 34. Qb6 Ng5 35. Rxc6 Qd8 36. Qxb5 Rd7 37. Nd5 Nxe4 38.
Rc7 Nd6 39. Qc6 f5 40. c4 1-0

[Event "HZ Open"]
[Site "Vlissingen NED"]
[Date "2006.08.11"]
[Round "8"]
[White "Roeder,M"]
[Black "Navarrete Delgado,S"]
[Result "1-0"]
[WhiteElo "2423"]
[BlackElo "2210"]
[EventDate "2006.08.05"]

1. Nf3 Nf6 2. c4 e6 3. d4 d5 4. cxd5 exd5 5. Nc3 c6 6. Bg5 Be7 7. Qc2 Nbd7
8. e3 b6 9. Bd3 Bb7 10. O-O O-O 11. Rad1 Re8 12. Ne5 Nf8 13. Bf5 g6 14. Bh3
N6d7 15. Bf4 Nxe5 16. Bxe5 Bc8 17. Bxc8 Rxc8 18. a3 Bd6 19. Bxd6 Qxd6 20.
b4 Nd7 21. Qa4 b5 22. Qb3 Nb6 23. a4 a6 24. Rfe1 Re6 25. f3 Qe7 26. Rd3 Re8
27. a5 Nc4 28. e4 Nd6 29. e5 Nf5 30. Ne2 Qa7 31. Kf1 f6 32. g4 Nh4 33. Nf4
R6e7 34. Qc3 fxe5 35. Rxe5 Qd7 36. Ng2 Nxg2 37. Kxg2 Rxe5 38. dxe5 Qe6 39.
Re3 Qd7 40. Qd4 Re6 41. f4 Re7 42. Kg3 Qe6 43. h3 Qd7 44. Kf2 Qa7 45. Qxa7
Rxa7 46. Rc3 Rc7 47. Ke3 Kf7 48. f5 Ke7 49. Kd4 Kd7 50. Rf3 Rc8 51. Kc5 Re8
52. e6+ Kc7 53. Rf4 g5 54. Rf3 Re7 55. Re3 d4 56. Rd3 1-0

[Event "HZ Open"]
[Site "Vlissingen NED"]
[Date "2006.08.11"]
[Round "8"]
[White "Perez,Rod"]
[Black "Rosmuller,A"]
[Result "1-0"]
[WhiteElo "2406"]
[BlackElo "2122"]
[EventDate "2006.08.05"]

1. e4 c5 2. Nf3 Nc6 3. Bb5 Na5 4. O-O a6 5. Be2 d6 6. d4 cxd4 7. Nxd4 Nf6
8. Nc3 e6 9. f4 Be7 10. Kh1 O-O 11. Bd3 e5 12. Nf3 Nc6 13. Qe1 Nh5 14. f5
Nb4 15. g4 Nf4 16. Bxf4 exf4 17. Qd2 d5 18. Nxd5 Nxd5 19. exd5 b5 20. Qxf4
Bb7 21. Rad1 Bd6 22. Qd4 Rc8 23. c4 Qa5 24. a3 Qa4 25. cxb5 Qxd4 26. Nxd4
Bxd5+ 27. Nf3 Bf4 28. bxa6 Rfd8 29. Be2 Rc2 30. a7 Bd2 31. Kg2 Re8 32. Rxd2
1-0

[Event "HZ Open"]
[Site "Vlissingen NED"]
[Date "2006.08.11"]
[Round "8"]
[White "Schuurman,P"]
[Black "Saptarshi,R"]
[Result "1/2-1/2"]
[WhiteElo "2219"]
[BlackElo "2373"]
[EventDate "2006.08.05"]

1. d4 d5 2. c4 e5 3. dxe5 d4 4. Nf3 Nc6 5. g3 Nge7 6. Bg2 Ng6 7. Bf4 Be6 8.
Nbd2 Be7 9. a3 f6 10. exf6 Bxf6 11. Qc2 O-O 12. Ne4 Nxf4 13. gxf4 Bf5 14.
Rd1 Qe7 15. Nxf6+ Rxf6 16. Qd2 d3 17. e3 Rg6 18. Ng5 h6 19. Bd5+ Kf8 20. h4
Rd8 21. Qc3 hxg5 22. hxg5 Ke8 23. Rxd3 Rxd5 24. Rh8+ Kf7 25. cxd5 Rd6 26.
dxc6 Rxd3 27. cxb7 Rxc3 28. bxc3 Qxa3 29. b8=Q Qc1+ 30. Ke2 Qc2+ 31. Ke1
Qc1+ 32. Ke2 Qc2+ 33. Ke1 Qxc3+ 34. Ke2 Qc2+ 35. Ke1 Qc1+ 36. Ke2 Qc2+ 37.
Ke1 Qc1+ 38. Ke2 Qc2+ 1/2-1/2

[Event "HZ Open"]
[Site "Vlissingen NED"]
[Date "2006.08.11"]
[Round "8"]
[White "Van den Berg,Ad"]
[Black "Erenburg,S"]
[Result "0-1"]
[WhiteElo "2175"]
[BlackElo "2585"]
[EventDate "2006.08.05"]

1. e4 c6 2. d4 d5 3. exd5 cxd5 4. Bd3 Nc6 5. c3 Nf6 6. Nf3 Bg4 7. O-O e6 8.
Qb3 Qc8 9. Ne5 Be7 10. Bg5 Bh5 11. Nd2 Bg6 12. Bb5 O-O 13. Qa4 Nb8 14. Nxg6
hxg6 15. Nf3 Qc7 16. Rac1 a6 17. Bd3 Nc6 18. Rfe1 Bd6 19. Re2 Bf4 20. Rce1
Bxg5 21. Nxg5 Qf4 22. Nh3 Qh4 23. f3 Rfc8 24. Qd1 b5 25. a3 Na5 26. Rf2 Nc4
27. Bf1 Qh6 28. g4 Qh4 29. Nf4 g5 30. Ng2 Qh6 31. Bxc4 bxc4 32. Qd2 Nh7 33.
Re5 Rc6 34. Qe1 Rb8 35. h4 Rcb6 36. Qb1 f6 37. Ree2 gxh4 38. Nxh4 Qxh4 39.
Rh2 Qg3+ 40. Reg2 Qxf3 41. Qxh7+ Kf7 42. Qh5+ Ke7 43. Re2 Rxb2 44. Rxe6+
Kxe6 0-1

[Event "HZ Open"]
[Site "Vlissingen NED"]
[Date "2006.08.11"]
[Round "8"]
[White "Khmelniker,I"]
[Black "Beeke,B"]
[Result "1-0"]
[WhiteElo "2461"]
[BlackElo "2166"]
[EventDate "2006.08.05"]

1. d4 d5 2. Nf3 Nf6 3. c4 c6 4. Nc3 dxc4 5. a4 Bf5 6. Ne5 Nbd7 7. Nxc4 Qc7
8. Bg5 e5 9. e3 exd4 10. Bf4 Qd8 11. Qxd4 Nb6 12. Nd6+ Bxd6 13. Bxd6 Qd7
14. Nb5 Nbd5 15. Ba3 Kd8 16. Nd6 Bg6 17. Bc4 Ne8 18. Bxd5 Nxd6 19. Bf3 Nf5
20. Qf4 Qc7 21. Qb4 a5 22. Qc3 f6 23. Rd1+ Ke8 24. O-O h5 25. e4 Nh4 26. e5
Nxf3+ 27. Qxf3 fxe5 28. Qg3 Kf7 29. f4 Bf5 30. fxe5 Qb6+ 31. Kh1 1-0

[Event "HZ Open"]
[Site "Vlissingen NED"]
[Date "2006.08.11"]
[Round "8"]
[White "Michiels,B"]
[Black "Van Hecke,E"]
[Result "1-0"]
[WhiteElo "2455"]
[BlackElo "2156"]
[EventDate "2006.08.05"]

1. e4 c5 2. Nf3 e6 3. d4 cxd4 4. Nxd4 a6 5. c4 Nf6 6. Nc3 Bb4 7. Bd3 Nc6 8.
Nc2 Bxc3+ 9. bxc3 d5 10. exd5 exd5 11. Qe2+ Be6 12. Bg5 O-O 13. cxd5 Bxd5
14. O-O h6 15. Bh4 Re8 16. Ne3 Be4 17. Bc4 Ne5 18. Rad1 Qe7 19. Bb3 Ng6 20.
Bg3 Rad8 21. Rd4 Rxd4 22. cxd4 Bd5 23. Qd3 Bxb3 24. Qxb3 Qd7 25. Rd1 Ne4
26. d5 Nxg3 27. hxg3 b5 28. d6 Rc8 29. Qd5 Kh8 30. Nf5 f6 31. f4 Kh7 32.
Kh2 Rd8 33. Rd2 Re8 34. Nd4 Nf8 35. Nc6 Qe6 36. Qxe6 Rxe6 37. f5 1-0

[Event "HZ Open"]
[Site "Vlissingen NED"]
[Date "2006.08.11"]
[Round "8"]
[White "Zambrana,O"]
[Black "Wolferink,F"]
[Result "1-0"]
[WhiteElo "2429"]
[BlackElo "2141"]
[EventDate "2006.08.05"]

1. e4 e5 2. Nf3 Nc6 3. Bc4 Bc5 4. c3 Nf6 5. d3 d6 6. O-O Bb6 7. a4 Be6 8.
Na3 a6 9. Ng5 Bxc4 10. Nxc4 Ba7 11. Qb3 Qd7 12. Qxb7 O-O 13. Qb3 d5 14. Ne3
h6 15. exd5 Na5 16. Qb4 Rfb8 17. Qh4 hxg5 18. Qxg5 Bxe3 19. Bxe3 Nb3 20.
Rad1 Qxd5 21. Rfe1 e4 22. dxe4 Qxg5 23. Bxg5 Rd8 24. f3 Nc5 25. a5 Rxd1 26.
Rxd1 Na4 27. Rd2 Rb8 28. b4 Nxc3 29. Rc2 Nb5 30. Rc6 Nd4 31. Rc4 Ne6 32.
Be3 g5 33. g3 Rd8 34. Kf2 Rd1 35. Rc6 Rd6 36. Rxd6 cxd6 37. b5 axb5 38. a6
Nc7 39. Bxg5 Nfe8 40. a7 f6 41. Bd2 Kf7 42. h4 Ng7 43. Bb4 Ke6 44. g4 Nge8
45. h5 Kf7 46. Ke3 Kg7 47. Kd3 Kf7 48. Kc3 Na8 49. Ba5 d5 50. exd5 Nd6 51.
Bb4 Nc8 52. d6 1-0

[Event "HZ Open"]
[Site "Vlissingen NED"]
[Date "2006.08.11"]
[Round "8"]
[White "Roy Chowdhury,S"]
[Black "Mombiela Martinez,G"]
[Result "1/2-1/2"]
[WhiteElo "2394"]
[BlackElo "2102"]
[EventDate "2006.08.05"]

1. e4 d5 2. Nc3 dxe4 3. Nxe4 e5 4. Bc4 Nd7 5. Nf3 Be7 6. d4 exd4 7. Qxd4
Ndf6 8. Qe3 Nxe4 9. Qxe4 Nf6 10. Qe2 O-O 11. Bd2 c6 12. O-O-O Qc7 13. Rhe1
Bc5 14. Bc3 Bg4 15. Be5 Qb6 16. h3 Bh5 17. g4 Bg6 18. Bxf6 gxf6 19. Rd2
Rad8 20. h4 Rxd2 21. Qxd2 Rd8 22. Qf4 Bxf2 23. Re2 Bxh4 24. b3 Qa5 25. Kb2
Bg5 26. Nxg5 Qxg5 27. Qc7 1/2-1/2

[Event "HZ Open"]
[Site "Vlissingen NED"]
[Date "2006.08.11"]
[Round "8"]
[White "Schlawin,M"]
[Black "Westerweele,H"]
[Result "1/2-1/2"]
[WhiteElo "2349"]
[BlackElo "2035"]
[EventDate "2006.08.05"]

1. e4 e6 2. d4 d5 3. e5 c5 4. c3 Qb6 5. Nf3 Bd7 6. a3 cxd4 7. cxd4 Bb5 8.
Bxb5+ Qxb5 9. b4 Nd7 10. Nc3 Qb6 11. Na4 Qb5 12. Bd2 Rc8 13. Ng1 Ne7 14.
Ne2 Nf5 15. O-O Qd3 16. Nb2 Qe4 17. f3 Qh4 18. g3 Qd8 19. g4 Nh4 20. Nd3
Be7 21. f4 h5 22. gxh5 Nf5 23. Ng3 Nxd4 24. Qg4 Qb6 25. Be3 Qb5 26. Bxd4
Qxd3 27. Rad1 Qh7 28. f5 Nf8 29. Bxa7 g6 30. f6 gxh5 31. Qg7 Bd8 32. Rc1
Ra8 33. Bc5 Rg8 34. Qxh7 Nxh7 35. Kh1 h4 36. Ne2 Rxa3 37. Rg1 Rg5 38. Nd4
Ra2 39. Rxg5 Nxg5 40. Rg1 Ne4 41. Nxe6 fxe6 42. Rg8+ Kd7 43. f7 Nf2+ 44.
Bxf2 Rxf2 45. f8=Q Rxf8 46. Rxf8 Bc7 47. Rf7+ Kc6 48. Re7 d4 49. Kg2 Bxe5
50. Rxe6+ Kd5 51. Rb6 1/2-1/2

[Event "HZ Open"]
[Site "Vlissingen NED"]
[Date "2006.08.11"]
[Round "8"]
[White "Rens,C"]
[Black "Lacrosse,M"]
[Result "0-1"]
[WhiteElo "2083"]
[BlackElo "2225"]
[EventDate "2006.08.05"]

1. e4 e5 2. Nf3 Nc6 3. Bc4 Bc5 4. c3 Nf6 5. d4 exd4 6. cxd4 Bb4+ 7. Nc3
Nxe4 8. O-O Bxc3 9. d5 Bf6 10. Re1 Ne7 11. Rxe4 d6 12. Bg5 Bxg5 13. Nxg5 h6
14. Qe2 hxg5 15. Re1 Be6 16. dxe6 f6 17. Bd3 d5 18. Ra4 Qd6 19. g3 Qb6 20.
Bb5+ c6 21. Bd3 Rh6 22. Rc1 Kf8 23. h4 gxh4 24. Rxh4 Rxh4 25. gxh4 g6 26.
h5 Qd4 27. Re1 Kg7 28. Bxg6 Nxg6 29. hxg6 Qe5 30. Qd2 Qf5 31. Re3 Qb1+ 32.
Kg2 Rh8 33. Kg3 Qxg6+ 34. Kf3 Qh5+ 35. Kg2 Qh1+ 36. Kg3 Rh3+ 37. Kf4 Rh4+
38. Kg3 Qh3+ 0-1

[Event "HZ Open"]
[Site "Vlissingen NED"]
[Date "2006.08.11"]
[Round "8"]
[White "Swinkels,J"]
[Black "Freeke,M"]
[Result "1/2-1/2"]
[WhiteElo "2034"]
[BlackElo "2176"]
[EventDate "2006.08.05"]

1. e4 e5 2. Nf3 Nc6 3. d4 exd4 4. Nxd4 Bc5 5. Be3 Qf6 6. Nb5 Bxe3 7. fxe3
Qh4+ 8. g3 Qd8 9. Qg4 g6 10. Qf4 d6 11. N1c3 Ne5 12. O-O-O a6 13. Nd4 Bg4
14. Be2 Qd7 15. Bxg4 Qxg4 16. h3 Qd7 17. Nf3 f6 18. Rhf1 Nxf3 19. Qxf3
O-O-O 20. g4 Qe6 21. Kb1 h6 22. Nd5 Rh7 23. Rd3 Rf8 24. Rb3 c6 25. Nf4 Qe8
26. Rd1 Rd7 27. Rbd3 Kc7 28. Ne2 Qe5 29. Nc3 Ne7 30. h4 Nc8 31. Rd4 Rh7 32.
Qf1 Kb8 33. Rb4 b5 34. a4 Rb7 35. axb5 axb5 36. Qd3 Rff7 37. Rb3 Rg7 38.
Qd4 h5 39. g5 fxg5 40. hxg5 Qxg5 41. Na2 c5 42. Qd2 Qe5 43. Qg2 b4 44. Rd5
Qe8 45. e5 Qa4 46. exd6 Ra7 47. Rxc5 Qxa2+ 48. Kc1 Qa1+ 49. Kd2 Qa4 50. Qe4
Rab7 51. Qd4 Rgd7 52. Rd3 Qa6 1/2-1/2

[Event "HZ Open"]
[Site "Vlissingen NED"]
[Date "2006.08.11"]
[Round "8"]
[White "Afek,Y"]
[Black "Van Rij,G"]
[Result "1-0"]
[WhiteElo "2316"]
[BlackElo "2079"]
[EventDate "2006.08.05"]

1. e4 e6 2. d4 d5 3. e5 c5 4. c3 Nc6 5. Nf3 Bd7 6. Be2 f6 7. O-O Qc7 8. Re1
fxe5 9. dxe5 O-O-O 10. Bf4 Nh6 11. Bd3 c4 12. Bc2 Bc5 13. b4 cxb3 14. axb3
Rdf8 15. Bg3 Nf5 16. Bxf5 Rxf5 17. b4 Bb6 18. Na3 Ne7 19. c4 dxc4 20. Nxc4
Qxc4 21. Rc1 Qxc1 22. Qxc1+ Kb8 23. Qd2 Nd5 24. Rc1 Rc8 25. Rxc8+ Kxc8 26.
Nd4 Bxd4 27. Qxd4 a6 28. f3 Bc6 29. Qc5 Rf7 30. Qd6 Re7 31. Bf2 Re8 32. Ba7
Nc7 33. Bb6 Nd5 34. Bc5 Bd7 35. g3 g6 36. Kf2 Bc6 37. h4 h5 38. Ke1 Bd7 39.
g4 hxg4 40. fxg4 Rh8 41. Ba7 Nc7 42. Qe7 Nd5 43. Qg7 Rxh4 44. Qf8+ Kc7 45.
Bb8+ Kb6 46. Qc5+ 1-0